Library Banner

Saladin : (Record no. 94322)

MARC details
000 -LEADER
fixed length control field 00429nam a22001577a 4500
005 - DATE AND TIME OF LATEST TRANSACTION
control field 20250213093222.0
008 - FIXED-LENGTH DATA ELEMENTS--GENERAL INFORMATION
fixed length control field 170605b xxu||||| |||| 00| 0 eng d
020 ## - INTERNATIONAL STANDARD BOOK NUMBER
International Standard Book Number 9780552170840
040 ## - CATALOGING SOURCE
Transcribing agency PK-LaUMT
082 ## - DEWEY DECIMAL CLASSIFICATION NUMBER
Classification number 956.010924
Item number JOH-S
100 ## - MAIN ENTRY--PERSONAL NAME
Personal name John Man
245 ## - TITLE STATEMENT
Title Saladin :
Remainder of title the life, the legend and the Islamic empire /
Statement of responsibility, etc by John Man
260 ## - PUBLICATION, DISTRIBUTION, ETC. (IMPRINT)
Place of publication, distribution, etc London:
Name of publisher, distributor, etc Corgi books,
Date of publication, distribution, etc 2015
300 ## - PHYSICAL DESCRIPTION
Extent 381 p.
942 ## - ADDED ENTRY ELEMENTS (KOHA)
Koha item type Books
Holdings
Withdrawn status Lost status Damaged status Home library Current library Date acquired Full call number Barcode Date last seen Price effective from Koha item type
      UMT Main Campus UMT Main Campus 2017-06-05 956.010924 JOH-S 109101 2026-06-03 2017-06-05 Books